The emergence of Islamic Malay literature : a case study of hikayat /
Saved in:
| Main Author: | |
|---|---|
| Format: | Thesis Book |
| Language: | English |
| Published: |
Ann Arbor, Mich. :
University Microfilms International,
1983.
|
| Subjects: | |
| Tags: |
Add Tag
No Tags, Be the first to tag this record!
|
| LEADER | 01099cam a2200301 a 4500 | ||
|---|---|---|---|
| 001 | u31244 | ||
| 003 | SIRSI | ||
| 008 | 830624s1983 us v 0 1 eng | ||
| 035 | |a AAD-3709 | ||
| 040 | |a UMM |d UMA | ||
| 050 | |a PL5110.3 | ||
| 090 | 0 | 0 | |a PL5110.3 |b Ismh |
| 094 | |a PL5110.3 |b Ism | ||
| 100 | 0 | 0 | |a Ismail Hamid. |
| 245 | 1 | 4 | |a The emergence of Islamic Malay literature : |b a case study of hikayat / |c by Ismail bin Hamid. |
| 260 | |a Ann Arbor, Mich. : |b University Microfilms International, |c 1983. | ||
| 300 | |a ix, 455 leaves ; |c 21 cm. | ||
| 500 | |a AIUM. | ||
| 502 | |a Thesis (Ph.D.) - Temple University, 1981. | ||
| 504 | |a Bibliography: leaves 443-455. | ||
| 650 | 0 | |a Malay literature |x History and criticism. | |
| 650 | 0 | |a Malay literature |x Islamic influences. | |
| 650 | 0 | |a Islam and literature. | |
| 650 | 0 | |a Folk literature, Malay. | |
| 948 | |a 16/03/1991 |b 14/08/2002 | ||
| 596 | |a 1 18 | ||
| 999 | |a PL5110.3 ISMH |w LC |c 1 |i A002822879 |d 15/12/2014 |e 11/11/2014 |l STACKS |m P01UTAMA |n 2 |r Y |s Y |t BUKU |u 14/4/1992 | ||
| 999 | |a PL5110.3 ISM |w LC |c 1 |i A506743153 |l RESERVES |m P18ISLPURI |r Y |s Y |t TESIS |u 25/11/1998 | ||
